000 00453nam a2200157Ia 4500
008 240729s9999 xx 000 0 und d
022 _a1806-9657
245 0 _aRevista Brasileira de Ciência do Solo
260 _aBrazil
260 _bSociedade Brasileira de Ciência do Solo
650 _a Agriculture (General)
650 _aAgriculture
856 _uhttps://doaj.org/toc/c1f141b4b7714767bd34f6d4b0140e56
942 _2ddc
942 _cDOAJEJ
999 _c74741
_d74741
945 _a1
_bMadushi Gamage
_c1
_dMadushi Gamage